Statistics for City to State #1

Click here to take the quiz!

General Stats

  • This quiz has been taken 2,062 times
  • The average score is 18 of 20

Answer Stats

HintAnswer% Correct
Los AngelesCalifornia
100%
HoustonTexas
99%
AtlantaGeorgia
98%
PortlandOregon
94%
AlbuquerqueNew Mexico
91%
MemphisTennessee
91%
DenverColorado
90%
BostonMassachusetts
90%
San AntonioTexas
90%
SacramentoCalifornia
89%
CharlotteNorth Carolina
88%
PhiladelphiaPennsylvania
88%
JacksonvilleFlorida
87%
CincinnatiOhio
86%
MilwaukeeWisconsin
86%
Des MoinesIowa
85%
OmahaNebraska
85%
MontgomeryAlabama
80%
WichitaKansas
76%
TrentonNew Jersey
75%

Score Distribution

Percentile by Number Answered

Percent of People with Each Score

Your Score History

You have not taken this quiz